La Primera Guerra Mundial en la costa de Chile: una neutralidad que no fue tal
Na minha lista:
| Autor principal: | |
|---|---|
| Formato: | Livro |
| Idioma: | espanhol |
| Publicado em: |
Viña del Mar
Altazor
2009
|
| Edição: | 2a. ed |
| Assuntos: | |
| Tags: |
Adicionar Tag
Sem tags, seja o primeiro a adicionar uma tag!
|
MARC
| LEADER | 00000nam a2200000 a 4500 | ||
|---|---|---|---|
| 001 | UCH5832 | ||
| 003 | CL-VaPUC | ||
| 008 | 091029e20090000CL |||||||||||||||||spa|d | ||
| 020 | |a 9567472300 | ||
| 082 | 0 | 4 | |a 983.063 |b BRA |2 21 |
| 100 | 0 | |a Bravo Valdivieso, Germán |e author |9 542195 | |
| 245 | 1 | 3 | |a La Primera Guerra Mundial en la costa de Chile: una neutralidad que no fue tal |
| 250 | |a 2a. ed | ||
| 300 | |a 327 p | ||
| 942 | |c BK | ||
| 945 | |d 20091029 00:00:00 |a rbrito | ||
| 260 | |a Viña del Mar |b Altazor |c 2009 | ||
| 650 | 7 | |a HISTORIA DE CHILE 1914-1918 |2 CL-VaPUC |9 493252 | |
| 650 | 0 | |a Primera Guerra Mundial |9 373283 | |
| 650 | 0 | |a Salitre |9 313872 | |
| 650 | 0 | |a Relaciones Internacionales |9 255740 | |
| 651 | 7 | |a CHILE |2 CL-VaPUC |9 542196 | |
| 583 | |a last modification |c 20091029 00:00:00 |k Rodrigo Vera | ||
| 999 | |c 336879 |d 336877 | ||
| 952 | |0 0 |1 0 |4 0 |6 983_063000000000000_BRA_2009 |7 0 |8 A |9 428897 |a BIBHIS |b BIBHIS |d 2019-11-22 |i 4612914 |l 1 |o 983.063 BRA 2009 |p 4612914 |r 2025-01-20 |s 2022-11-29 |w 2019-11-22 |y BK |k HIS | ||